Names Starting with R, Top 50 (Girls 2013) Quiz Stats

Quiz not verified by Sporcle

Also try: 'Q', 'X', 'Z' Game
Challenge
Share
Tweet
Embed
Score 0/50 Timer 10:00
0 Plays Today
Name % Correct
Rachel, Rachael
97.1%
Rose
94.6%
Riley, Rylee, Ryleigh, Rylie
93.4%
Rosa
93.4%
Rebecca, Rebekah
92.3%
Rosie
88.7%
Ruby, Rubi
87.5%
Ruth
86.8%
Rihanna
79.1%
Rita
78.8%
Roxanne
78%
Raquel
77.1%
Renee
76.9%
Regina
75.7%
Reyna, Rayna, Raina, Reina
75.7%
Reagan, Raegan, Regan
75.2%
Raven
75%
Robyn, Robin
73.4%
Rhea, Ria
73.2%
Rosemary
72.4%
Ryan, Ryann
72.2%
Rayne, Rain, Reign
72.2%
Reese, Reece
71.6%
Roselyn, Rosalyn, Roslyn, Rosalynn
71.1%
Rochel
70.3%
Name % Correct
Ramona
70%
Rosalie, Rosalee
68.4%
Rory
67.3%
Rowan
64.9%
Roxana, Roxanna
64.7%
Raelynn, Raelyn, Raylynn
62.2%
River
60%
Rylan, Rilynn, Rylynn
59.8%
Raylee, Rayleigh
58.8%
Remi, Remy
58.7%
Riya, Raya
57.2%
Ruthie
55.2%
Rhiannon
53.5%
Rosemarie
48.9%
Renata
47.5%
Rosalia
44.9%
Ryder
44.8%
Rosalinda
43.1%
Remington
40.8%
Rivka
38.7%
Romina
36.3%
Raniyah
34.4%
Renesmee
33.1%
Rocio
31.8%
Raizy
27.8%

You're not logged in!

Compare scores with friends on all Sporcle quizzes.
Join for Free
OR
Log In

You Might Also Like...

Show Comments

Extras

Top Quizzes Today


Score Distribution

Your Account Isn't Verified!

In order to create a playlist on Sporcle, you need to verify the email address you used during registration. Go to your Sporcle Settings to finish the process.

Report this User

Report this user for behavior that violates our Community Guidelines.

Details: